000 00544nmm a2200181Ia 4500
008 251105s9999||||xx |||||||||||||||||und||
020 _a9789562847612
041 _aspa
100 _aCruz, Nicolás
245 0 _aLa Antigüedad. Construcción de un espacio interconectado
264 _a[Santiago de Chile, Chile] :
_bRil editores,
_c2010
300 _a334 páginas
650 _aHistory (General)
700 _aCruz, Nicolás
700 1 _a Balmaceda, Catalina
856 _uhttps://public.digitaliapublishing.com/a/18674
942 _cCF
999 _c64361
_d64361